000
00260nam a2200097Ia 4500
001
801841
005
20250826171045.0
008
250824s9999 xx 000 0 und d
245
0
_a
ÇALÇENE PELİN BLOG SAVAŞLARI
_c
YASEMİN DERYA AKA
260
_b
ÇOCUK GEZEGENİ
999
_c
801841
_d
801841